书目信息 |
| 题名: |
技术经济与企业管理
|
|
| 作者: | 徐阳 主编 | |
| 分册: | ||
| 出版信息: | 重庆 重庆大学出版社 1994.08 |
|
| 页数: | 336页 | |
| 开本: | 32开 | |
| 丛书名: | ||
| 单 册: | ||
| 中图分类: | F062.4-43 | |
| 科图分类: | ||
| 主题词: | 经济学--分支科学 | |
| 电子资源: | ||
| ISBN: | 7-5624-0963-3 | |
| 000 | 00565nam0 2200193 45 | |
| 001 | 0009021792 | |
| 005 | 20000902175037.5 | |
| 010 | @a7-5624-0963-3@d9.50元 | |
| 100 | @a20000902d1994 km y0chiy0120 ea | |
| 101 | 0 | @achi |
| 105 | @a z 000yy | |
| 200 | 1 | @a技术经济与企业管理@AJi Shu Jing Ji Yu Qi Ye Guan Li@f徐阳 主编@FXu Yang Zhu Bian |
| 210 | @a重庆@c重庆大学出版社@d1994.08 | |
| 215 | @a336页@d32开 | |
| 606 | 0 | @a经济学@x分支科学 |
| 690 | @aF062.4-43@v3 | |
| 701 | 0 | @a徐阳@4主编 |
| 801 | @aCN@bPftUser@c20000902 | |
| 905 | @b116174-176@dF062.4-43@eX.543@f3 | |
| 技术经济与企业管理/徐阳 主编.-重庆:重庆大学出版社,1994.08 |
| 336页;32开 |
| ISBN 7-5624-0963-3:9.50元 |
| ● |
| 相关链接 |
|
|
|
正题名:技术经济与企业管理
索取号:F062.4-43/X.543
 
预约/预借
| 序号 | 登录号 | 条形码 | 馆藏地/架位号 | 状态 | 备注 |
| 1 | 116174 | 201161740 | 社科库409/409社科库 65排2列3层/ [索取号:F062.4-43/X.543] | 在馆 | |
| 2 | 116175 | 201161759 | 社科库409/409社科库 65排2列3层/ [索取号:F062.4-43/X.543] | 在馆 | |
| 3 | 116176 | 201161768 | 社科库409/409社科库 65排2列3层/ [索取号:F062.4-43/X.543] | 在馆 |